| 000 | 00984nam a2200265Ia 4500 | ||
|---|---|---|---|
| 999 |
_c45380 _d45380 |
||
| 001 | 12204 | ||
| 003 | GE_BSU | ||
| 005 | 20211130124556.0 | ||
| 008 | 181216s2014||||enk|||||||||||||| ||eng|| | ||
| 020 | _a9780132784023 | ||
| 040 | _cGE_BSU | ||
| 041 | _aeng | ||
| 080 | _a338.48 K-77 | ||
| 100 |
_aKotler, Philip _913099 |
||
| 245 |
_aMarketing For Hospitality and Tourism / _cKotler, Philip T.; Bowen, John T.; Makens Ph.D., James. |
||
| 250 | _aSixth Edition. | ||
| 264 |
_aBoston: _bPearson, _c2014. |
||
| 300 |
_a682 p.; _bill., _c28 cm. |
||
| 653 | _aMarketing For Hospitality and Tourism. | ||
| 653 | _aმარკეტინგი სტუმართმოყვარეობისა და ტურიზმისთვის | ||
| 653 | _aМаркетинг в сфере гостеприимства и туризма | ||
| 700 |
_aBowen, John T. _eავტორი _913100 |
||
| 700 |
_aJames, Makens Ph.D _eავტორი _913101 |
||
| 942 |
_cBK _2udc |
||